[Event "77. ljubljanska liga 2025"]
[Site "Gostovanja"]
[Date "2025.02.06"]
[Round "3.8"]
[White "Lanjscek, Miha"]
[Black "Stanic, Simon"]
[Result "1/2-1/2"]
[WhiteElo "1836"]
[BlackElo "1973"]
[PlyCount "84"]
[EventDate "2025.01.16"]
[WhiteTeam "SK TRZIN"]
[BlackTeam "SK LOSKA DOLINA"]

1. d4 d5 2. c4 e6 3. Nc3 Nf6 4. cxd5 exd5 5. Bg5 Be7 6. Qc2 c6 7. Bxf6 Bxf6 8.
Nf3 O-O 9. e3 Bg4 10. Bd3 h6 11. O-O Nd7 12. h3 Be6 13. Bf5 Re8 14. b4 a6 15.
Na4 a5 16. a3 axb4 17. axb4 Bxf5 18. Qxf5 Qc7 19. Nc5 Nb6 20. g4 Nc4 21. Kg2
Rxa1 22. Rxa1 b6 23. Nd7 Be7 24. Nde5 Bxb4 25. g5 Nxe5 26. Nxe5 hxg5 27. Qxg5
f6 28. Qg6 Rf8 29. Nxc6 Ba5 30. Nxa5 bxa5 31. Qf5 Rd8 32. Qe6+ Kh7 33. Qa6 Qe7
34. Qxa5 Qe4+ 35. Kh2 Rc8 36. Rg1 Rc2 37. Rg2 Kh6 38. Qd8 Ra2 39. Qc7 g6 40.
Qd8 Kg7 41. Qd6 Qf5 42. Qg3 Rb2 1/2-1/2

[Event "77. ljubljanska liga 2025"]
[Site "Gostovanja"]
[Date "2025.02.06"]
[Round "3.8"]
[White "Mulec, Dejan"]
[Black "Konvalinka, Kostja"]
[Result "1-0"]
[WhiteElo "1705"]
[BlackElo "1743"]
[PlyCount "95"]
[EventDate "2025.01.16"]
[WhiteTeam "SK LOSKA DOLINA"]
[BlackTeam "SK TRZIN"]

1. d4 Nf6 2. Nf3 e6 3. e3 d5 4. Bd3 c5 5. b3 Nc6 6. Bb2 Be7 7. Nbd2 cxd4 8.
exd4 O-O 9. a3 h6 10. O-O a6 11. Ne5 Bd7 12. Kh1 Rc8 13. Qf3 Nxe5 14. dxe5 Nh7
15. Qg3 Bh4 16. Qe3 Qg5 17. f4 Qg4 18. h3 d4 19. Bxd4 Qg3 20. Rf3 Qxf3 21. gxf3
Bc6 22. Be4 Bd5 23. Qd3 Bxe4 24. Nxe4 Rcd8 25. Nd6 b5 26. Rg1 Rd7 27. Qe4 Be7
28. Qc6 Rfd8 29. Bb6 Rxd6 30. exd6 Rxd6 31. Qc8+ Bf8 32. Bc5 Rd2 33. Rg2 Rd1+
34. Kh2 Rd5 35. b4 Rd1 36. c3 Rd3 37. Bd4 Rxd4 38. cxd4 Nf6 39. Qd8 Nd5 40. f5
Nf4 41. fxe6 Nxe6 42. Qb6 Nf4 43. Rg4 Ng6 44. Rxg6 fxg6 45. Qxg6 a5 46. Qe6+
Kh7 47. bxa5 Bxa3 48. a6 1-0

[Event "77. ljubljanska liga 2025"]
[Site "Gostovanja"]
[Date "2025.02.06"]
[Round "3.8"]
[White "Bajec, Borut"]
[Black "Soba, Franc"]
[Result "1-0"]
[WhiteElo "1778"]
[BlackElo "1495"]
[PlyCount "57"]
[EventDate "2025.01.16"]
[WhiteTeam "SK TRZIN"]
[BlackTeam "SK LOSKA DOLINA"]

1. d4 d5 2. Nf3 Nf6 3. c4 e6 4. Nc3 Be7 5. e3 b6 6. cxd5 exd5 7. Bd3 O-O 8. O-O
Ba6 9. Bxa6 Nxa6 10. Ne5 Nb8 11. a3 c5 12. Qf3 cxd4 13. exd4 Na6 14. Nc6 Qd6
15. Nxe7+ Qxe7 16. Bg5 Qd6 17. Bxf6 Qxf6 18. Qxf6 gxf6 19. Nxd5 Rfd8 20. Nxf6+
Kg7 21. Nh5+ Kh6 22. Ng3 Rd5 23. Rfd1 Rad8 24. b4 Nc7 25. Rac1 R8d7 26. h3 Kg7
27. Rc2 Ne6 28. Rcd2 Rxd4 29. Nf5+ 1-0